Heritage controls under one roof (Record no. 69408)

MARC details
000 -LEADER
fixed length control field 01425cam a2200217 4500
001 - CONTROL NUMBER
control field WB3804-04
008 - FIXED-LENGTH DATA ELEMENTS--GENERAL INFORMATION
fixed length control field 020131n2002 000 0 eng u
035 ## - SYSTEM CONTROL NUMBER
System control number (Sirsi) u116562
245 ## - TITLE STATEMENT
Title Heritage controls under one roof
260 ## - PUBLICATION, DISTRIBUTION, ETC.
Date of publication, distribution, etc. 2002
490 ## - SERIES STATEMENT
Series statement RICS Planning & Development Faculty News
Volume/sequential designation 28 January 2002 (1)
520 ## - SUMMARY, ETC.
Summary, etc. Government is to examine wrapping listed building and conservation area controls into a 'one stop' planning application. The announcement came in a Department of Culture, Media and Sport's heritage policy statement, published before Christmas. The document, a response to last year's English Heritage power of place statement, says the review will look into 'integrating the present array of controls into a single regime'. "The historic environment - a force for our future" at: http://www.culture.gov.uk/heritage/historic_environment_review.html; Power of place statement: http://www.english-heritage.org.uk/default.asp?WCI=WebItem&WCE=2193 Department for Culture, Media and Sport - historic environment: http://www.culture.gov.uk/heritage/english.html
590 ## - LOCAL NOTE (RLIN)
Local note WB
650 ## - SUBJECT ADDED ENTRY--TOPICAL TERM
Topical term or geographic name entry element ENGLISH HERITAGE
650 ## - SUBJECT ADDED ENTRY--TOPICAL TERM
Topical term or geographic name entry element LISTED BUILDINGS
650 ## - SUBJECT ADDED ENTRY--TOPICAL TERM
Topical term or geographic name entry element PLANNING APPLICATIONS
650 ## - SUBJECT ADDED ENTRY--TOPICAL TERM
Topical term or geographic name entry element HISTORIC ENVIRONMENT
650 ## - SUBJECT ADDED ENTRY--TOPICAL TERM
Topical term or geographic name entry element COMMISSION FOR ARCHITECTURE AND THE BUILT ENVIRONMENT
690 ## - LOCAL SUBJECT ADDED ENTRY--TOPICAL TERM (OCLC, RLIN)
Topical term or geographic name as entry element BUILT ENVIRONMENT-BUILDING MAINTENANCE AND REFURBISHMENT-BUILDING CONSERVATION
942 ## - ADDED ENTRY ELEMENTS (KOHA)
Suppress in OPAC 0
Holdings
Withdrawn status Lost status Source of classification or shelving scheme Damaged status Not for loan Home library Current library Shelving location Date acquired Total Checkouts Full call number Barcode Date last seen Copy number Price effective from Koha item type
    Dewey Decimal Classification     London London News article 31/01/2002   WB3804-04 116562-1001 06/08/2019 1 06/08/2019 News article